Tunnista kirkkoja 2 - Statistics

Yleistilastot
  • Tätä visaa on pelattu 20 kertaa
  • Keskiarvotulos 2 / 16
Vastaustilastot
Kuvavisa Vastaus % Oikein
Temppeliaukion kirkko
95%
Kauhajoen kirkko
26%
Tyrvään Pyhän Olavin kirkko
26%
Mustasaaren kirkko
21%
Finlaysonin kirkko
16%
Akaan kirkko
11%
Toholammin kirkko
11%
Törnävän kirkko
11%
Enontekiön kirkko
5%
Lievestuoreen kirkko
5%
Vimpelin kirkko
5%
Yläneen kirkko
5%
Kangasniemen kirkko
0%
Sysmän kirkko
0%
Urjalan kirkko
0%
Vöyrin puukirkko
0%
Ehtoja vastaavia visoja ei löytynyt
Tulosjakauma
Jokaisen tuloksen saaneiden osuus
Persentiili vastausten määrän mukaan
Tuloshistoriasi
Et ole pelannut tätä visaa